| 000 | 00564nam a2200193Ia 4500 | ||
|---|---|---|---|
| 001 | 61834 | ||
| 008 | 141120s9999 xx 000 0 und d | ||
| 020 | _a9781926895208 | ||
| 040 | _cPK-LaUMT | ||
| 082 |
_a 613.5 _bENV- |
||
| 100 | _aMyatt, Theodore A. | ||
| 245 |
_aEnvironmental health _bindoor exposures, assessments and interventions _cMyatt, Theodore A.|Allen, Joseph G. |
||
| 260 |
_aOakville,USA: _bApple Academics, _c2013 |
||
| 300 | _a233 p. | ||
| 546 | _aEN | ||
| 650 | _aIndoor air quality-Case studies | ||
| 700 | _aAllen, Joseph G. | ||
| 942 | _cBK | ||
| 999 |
_c62277 _d62277 |
||